| 000 | 01245cam a22002891 4500 | ||
|---|---|---|---|
| 001 | gs 42000116 | ||
| 003 | DLC | ||
| 005 | 20260227111347.0 | ||
| 008 | 790105s1942 tnuabf b s000 0 eng c | ||
| 010 | _ags 42000116 | ||
| 035 | _a(OCoLC)4519866 | ||
| 040 |
_aU.S. Geol. Survey. Library _cMsSM _dOCoLC _dDLC |
||
| 042 | _apremarc | ||
| 050 | 0 | 0 |
_aQE165 _b.A2 no. 50 |
| 082 | _a553.46 | ||
| 100 | 1 |
_aReichert, Stanley Orville, _d1912- |
|
| 245 | 1 | 0 |
_aManganese resources of east Tennessee, _cby Stanley O. Reichert ... with partial reprinting of U.S. Geological Survey Bulletin 737, edited by Geo. I. Whitlatch ... |
| 260 |
_aNashville, Tenn., _c1942. |
||
| 300 |
_axv, [1] 204 p., 4 l. incl. illus. (incl. diagrs.) tables. _bplates, maps (part fold., 1 in pocket) _c23 cm. |
||
| 490 | 0 |
_aTennessee. Dept. of Conservation. Division of Geology. Bulletin, _vno. 50 |
|
| 500 | _aAt head of title: State of Tennessee. Dept. of Conservation. Division of Geology. Walter F. Pond, State Geologist. | ||
| 500 | _a"List of mines and prospects": p. 197-204. | ||
| 504 | _aBibliography: p. 194-196. | ||
| 650 | 0 |
_aManganese ores _zTennessee. |
|
| 650 | 0 |
_aMines and mineral resources _zTennessee. |
|
| 700 | 1 |
_aWhitlatch, George Isaac, _d1905- _eed. |
|
| 999 |
_c27786 _d27786 |
||